[Event "13. Lichtenberger Sommer"]
[Site "?"]
[Date "2014.08.21"]
[Round "6.56"]
[White "Reiche, Henry"]
[Black "Schilly, Hans-Joachim"]
[Result "1/2-1/2"]
[WhiteElo "1992"]
[BlackElo "1804"]
[PlyCount "99"]
[EventDate "2014.??.??"]
[WhiteTeam "SC Zugzwang 95 e.V."]
[BlackTeam "SF Siemensstadt"]

1. e4 c6 2. d4 d5 3. e5 Bf5 4. Bd3 Bxd3 5. Qxd3 e6 6. Nf3 Qa5+ 7. c3 Qa6 8.
Qxa6 Nxa6 9. O-O Ne7 10. Nbd2 c5 11. Nb3 Nc6 12. a3 b5 13. Be3 c4 14. Nc1 Be7
15. Ne2 Nc7 16. Nd2 f5 17. exf6 gxf6 18. f4 Kf7 19. Rf3 a5 20. Kf2 b4 21. g4
bxa3 22. bxa3 a4 23. h4 Nb5 24. f5 e5 25. g5 exd4 26. g6+ hxg6 27. fxg6+ Kg7
28. cxd4 Bd6 29. Rh1 Kxg6 30. Rg1+ Kf7 31. Bg5 Be7 32. Rg4 Ke8 33. Bxf6 Bxf6
34. Rxf6 Rf8 35. Rxf8+ Kxf8 36. Nb1 Rb8 37. h5 Nbxd4 38. h6 Nxe2 39. h7 Kf7 40.
Kxe2 d4 41. Rh4 Kg7 42. Nd2 Re8+ 43. Ne4 c3 44. h8=Q+ Rxh8 45. Rxh8 Kxh8 46.
Nxc3 dxc3 47. Kd3 c2 48. Kxc2 Kg7 49. Kc3 Kf6 50. Kc4 1/2-1/2

[Event "13. Lichtenberger Sommer"]
[Site "?"]
[Date "2014.08.21"]
[Round "6.57"]
[White "Ritter, Uwe"]
[Black "Schmidt, David"]
[Result "1/2-1/2"]
[WhiteElo "1945"]
[BlackElo "1981"]
[PlyCount "105"]
[EventDate "2014.??.??"]
[WhiteTeam "Reideburger SV 90 Halle"]
[BlackTeam "Doppelbauer Woltersdorf"]

1. f4 d5 2. Nf3 Nf6 3. e3 g6 4. d4 Bg7 5. Bd3 c5 6. c3 b6 7. O-O O-O 8. Nbd2
Bb7 9. Ne5 e6 10. Qe1 Ba6 11. Bxa6 Nxa6 12. Qe2 Nc7 13. Nb3 Ne4 14. Nd2 Nd6 15.
Nd3 c4 16. Nf2 f5 17. b3 b5 18. bxc4 bxc4 19. a4 Na6 20. Ba3 Rf7 21. Rfb1 Rb8
22. Rxb8 Qxb8 23. Rb1 Rb7 24. Qd1 Bf8 25. Rxb7 Qxb7 26. Qc2 Nb8 27. Kf1 Nd7 28.
Ke2 Nb6 29. Nd1 Qa6 30. Nb2 Nb7 31. Bxf8 Kxf8 32. Qd1 Nd7 33. Qa1 Qd6 34. Nb1
Na5 35. Qa3 Qxa3 36. Nxa3 Ke7 37. Nc2 Nf6 38. Nb4 Ne4 39. Nd1 Kd6 40. Na2 Kc7
41. Nf2 Nd6 42. Kd2 Kb6 43. Kc2 Nb3 44. Nb4 Na5 45. Kb2 Nab7 46. Ka3 Nd8 47.
Nc2 Ka5 48. Ne1 Ne4 49. Nxe4 fxe4 50. Nc2 Nc6 51. Nb4 Ne7 52. g4 h6 53. Nc2
1/2-1/2

[Event "13. Lichtenberger Sommer"]
[Site "?"]
[Date "2014.08.21"]
[Round "6.58"]
[White "Silz, Elisa"]
[Black "Olaizola, Miguel"]
[Result "1/2-1/2"]
[WhiteElo "1957"]
[BlackElo "1773"]
[PlyCount "68"]
[EventDate "2014.??.??"]
[WhiteTeam "SV Empor Berlin e.V."]
[BlackTeam "SK Zehlendorf e.V."]

1. d4 Nf6 2. Nf3 e6 3. c4 d5 4. Nc3 Be7 5. Bg5 h6 6. Bf4 c6 7. e3 O-O 8. Rc1
Nbd7 9. Bd3 dxc4 10. Bxc4 Nd5 11. Bg3 N7f6 12. O-O Nxc3 13. bxc3 Ne4 14. Qd3
Nd6 15. Bb3 Nf5 16. e4 Nxg3 17. hxg3 b6 18. e5 Bb7 19. Bc2 g6 20. Nh2 c5 21.
Bb3 Rc8 22. Qd2 Kg7 23. Ng4 Rh8 24. f4 h5 25. Nf2 Rc7 26. Rfd1 Rd7 27. Qe3 Qa8
28. Bc2 Bxg2 29. Be4 Bxe4 30. Nxe4 cxd4 31. cxd4 Rhd8 32. Rc2 Rc8 33. Rh2 Rh8
34. Rc1 Qd5 1/2-1/2

[Event "13. Lichtenberger Sommer"]
[Site "?"]
[Date "2014.08.21"]
[Round "6.59"]
[White "Roth, Joachim"]
[Black "Wierzbicki, Jirawat"]
[Result "0-1"]
[WhiteElo "1930"]
[BlackElo "1924"]
[PlyCount "94"]
[EventDate "2014.??.??"]
[WhiteTeam "SG Bund"]
[BlackTeam "SK König Tegel 1949 e.V."]

1. c4 e5 2. Nc3 Nf6 3. g3 d5 4. cxd5 Nxd5 5. Bg2 Nb6 6. Nf3 Nc6 7. O-O Be7 8.
a4 a5 9. Nb5 O-O 10. d4 exd4 11. Bf4 Nd5 12. Rc1 Nxf4 13. gxf4 Bf6 14. Qd2 Be6
15. Ng5 Qd7 16. Ne4 Be7 17. Nc5 Bxc5 18. Rxc5 Rfd8 19. Rfc1 Ra6 20. Be4 g6 21.
f5 gxf5 22. Qg5+ Kf8 23. Rxf5 Bxf5 24. Bxf5 Qe7 25. Qf4 Qe5 26. Qxe5 Nxe5 27.
Rxc7 Rb6 28. Bxh7 Kg7 29. Be4 d3 30. exd3 Nxd3 31. Rc2 Nf4 32. f3 Rh6 33. Nc3
b6 34. Kf1 Kf6 35. Kg1 Ke5 36. Kf1 f5 37. Bb7 Rdh8 38. Kg1 Rg6+ 39. Kf1 Rhg8
40. Ne2 Nxe2 41. Kxe2 Rg2+ 42. Kd3 Rxc2 43. Kxc2 Rg2+ 44. Kc3 Rxh2 45. b4 Rh4
46. bxa5 bxa5 47. Bc6 Kd6 0-1

[Event "13. Lichtenberger Sommer"]
[Site "?"]
[Date "2014.08.21"]
[Round "6.60"]
[White "Muskewitz, Bernd"]
[Black "Hintze, Emanuel"]
[Result "1-0"]
[WhiteElo "1969"]
[BlackElo "1922"]
[PlyCount "61"]
[EventDate "2014.??.??"]
[WhiteTeam "SV Mattnetz Berlin e.V."]
[BlackTeam "SK Zehlendorf e.V."]

1. e4 c5 2. Nf3 Nc6 3. c3 d5 4. exd5 Qxd5 5. d4 cxd4 6. cxd4 e6 7. Nc3 Qd8 8.
Bd3 Nf6 9. O-O a6 10. Be3 Bd6 11. Rc1 O-O 12. Ne4 Nxe4 13. Bxe4 Bd7 14. d5 Ne5
15. dxe6 Bxe6 16. Nxe5 Bxe5 17. Bxh7+ Kxh7 18. Qh5+ Kg8 19. Qxe5 Bxa2 20. Rfd1
Qb8 21. Qh5 Rd8 22. Bd4 Qf4 23. Bc3 Rd5 24. Rxd5 Bxd5 25. Re1 Be6 26. Qa5 Rc8
27. Qb6 Rc7 28. h3 Qc4 29. Qe3 Qc5 30. Qg3 g6 31. Qh4 1-0

[Event "13. Lichtenberger Sommer"]
[Site "?"]
[Date "2014.08.21"]
[Round "6.61"]
[White "Lübke, Thomas"]
[Black "Hilbig, Dieter"]
[Result "1/2-1/2"]
[WhiteElo "1936"]
[BlackElo "2020"]
[PlyCount "81"]
[EventDate "2014.??.??"]
[WhiteTeam "FVS ASP Hoyerswerda"]
[BlackTeam "ESV Gera"]

1. Nf3 d5 2. g3 Nf6 3. Bg2 g6 4. c4 c6 5. cxd5 cxd5 6. O-O Bg7 7. d4 Nc6 8. Bf4
Qb6 9. Qb3 Qxb3 10. axb3 Nh5 11. e3 Nxf4 12. gxf4 f6 13. Nc3 e6 14. Nb5 Ke7 15.
Rfc1 Bd7 16. Ne1 a6 17. Na3 Rhc8 18. Nd3 b6 19. b4 Na7 20. Bf1 Nb5 21. f3 Bf8
22. Kf2 Kd8 23. Nxb5 Bxb5 24. e4 Bh6 25. Kg3 Rxc1 26. Rxc1 Bc4 27. Rc3 Kd7 28.
Bh3 Bf8 29. f5 exf5 30. exf5 g5 31. f4 Bd6 32. Bg2 Re8 33. Kf2 Bxd3 34. Rxd3
Bxf4 35. Bxd5 Bxh2 36. Be6+ Rxe6 37. fxe6+ Kxe6 38. Rh3 Bd6 39. b5 axb5 40.
Rxh7 Bf4 41. Rb7 1/2-1/2

[Event "13. Lichtenberger Sommer"]
[Site "?"]
[Date "2014.08.21"]
[Round "6.62"]
[White "Willich, Manfred"]
[Black "Hommel, Niclas"]
[Result "1/2-1/2"]
[WhiteElo "1961"]
[BlackElo "1575"]
[PlyCount "109"]
[EventDate "2014.??.??"]
[WhiteTeam "SK Turm Bad Hersfeld"]
[BlackTeam "Schachunion Berlin e.V."]

1. Nf3 Nf6 2. c4 e6 3. Nc3 Nc6 4. g3 d5 5. cxd5 exd5 6. d4 Bb4 7. Bg2 Be6 8.
O-O O-O 9. Bf4 a6 10. a3 Be7 11. Rc1 Rc8 12. Re1 Qd7 13. Ne5 Qd8 14. Nxc6 bxc6
15. Qa4 c5 16. dxc5 Bxc5 17. b4 Bb6 18. Red1 c6 19. e3 Bd7 20. Qb3 Be6 21. Qa4
Bd7 22. Qc2 Be6 23. Na4 h6 24. Be5 Bc7 25. Bb2 a5 26. Qc3 axb4 27. axb4 Bd6 28.
Nc5 Bxc5 29. Qxc5 Nd7 30. Qd4 f6 31. e4 dxe4 32. Bxe4 Qe7 33. Rxc6 Rxc6 34.
Bxc6 Ne5 35. Bd5 Kh8 36. Qc5 Qxc5 37. bxc5 Bg4 38. Ra1 Nd3 39. Bd4 Rc8 40. Ra8
Nb4 41. Rxc8+ Bxc8 42. Be4 Kg8 43. Kf1 Kf7 44. Ke2 f5 45. Ba8 g6 46. Kd2 Bd7
47. Kc3 Bc6 48. Bxc6 Nxc6 49. Kc4 Ke6 50. Be3 h5 51. Bf4 Nd8 52. h4 Nc6 53. Kb5
Kd5 54. Kb6 Nd8 55. Bg5 1/2-1/2

[Event "13. Lichtenberger Sommer"]
[Site "?"]
[Date "2014.08.21"]
[Round "6.63"]
[White "Boeck, Rüdiger"]
[Black "Barwich, Alfred"]
[Result "1/2-1/2"]
[WhiteElo "1815"]
[BlackElo "2041"]
[PlyCount "135"]
[EventDate "2014.??.??"]
[WhiteTeam "SC Weiße Dame Ulm e.V."]
[BlackTeam "SV Berolina Mitte e.V."]

1. e4 d6 2. d4 e5 3. dxe5 dxe5 4. Qxd8+ Kxd8 5. Nf3 f6 6. Bc4 c6 7. Be3 Nd7 8.
Nbd2 b5 9. Bb3 Nc5 10. O-O-O Kc7 11. Ne1 Ne6 12. Nd3 a5 13. c3 a4 14. Bc2 c5
15. g3 Bb7 16. f4 c4 17. Nf2 Bc5 18. Bxc5 Nxc5 19. fxe5 fxe5 20. Ng4 Nd7 21.
Nf3 Re8 22. Rhf1 Ngf6 23. Nf2 Nc5 24. Nd2 Rd8 25. Nf3 Rde8 26. Nd2 Re7 27. Rfe1
Rd8 28. b3 axb3 29. axb3 Ba6 30. b4 Nb7 31. Nf1 Nd6 32. Ne3 Bb7 33. Rxd6 Rxd6
34. Nf5 Red7 35. Nxd6 Rxd6 36. Rd1 Ra6 37. Kb2 Rd6 38. Kc1 Rxd1+ 39. Kxd1 Kd6
40. Ke2 g5 41. Ke3 Bc8 42. Bd1 h5 43. Bf3 Be6 44. Be2 Ke7 45. h3 Kf7 46. Bf3
Kg6 47. Bg2 Bd7 48. Bf1 h4 49. g4 Ng8 50. Nd1 Ne7 51. Kf2 Bc6 52. Bg2 Kf6 53.
Ne3 Bb7 54. Bf3 Ng6 55. Bg2 Nf4 56. Kf3 Bc6 57. Bf1 Bb7 58. Nf5 Ke6 59. Ne3 Bc8
60. Nf5 Bb7 61. Ne3 Bc8 62. Nf5 Bd7 63. Ne3 Kd6 64. Bg2 Nd3 65. Ke2 Bc6 66.
Nf5+ Ke6 67. Ne3 Nf4+ 68. Kf3 1/2-1/2

[Event "13. Lichtenberger Sommer"]
[Site "?"]
[Date "2014.08.21"]
[Round "6.64"]
[White "Wolff, Marie Antoinette"]
[Black "Jensen, Johnny"]
[Result "0-1"]
[WhiteElo "1707"]
[BlackElo "1873"]
[PlyCount "56"]
[EventDate "2014.??.??"]
[WhiteTeam "Leegebrucher Schachfreunde"]
[BlackTeam "Aros Skakklub"]

1. c4 e5 2. Nc3 Nf6 3. d3 d5 4. cxd5 Nxd5 5. Nf3 Nc6 6. g3 Be6 7. Bg2 Be7 8.
O-O Nb6 9. a3 h5 10. b4 h4 11. b5 Nd4 12. Nxe5 hxg3 13. fxg3 Nb3 14. Rb1 Qd4+
15. e3 Qxe5 16. Rxb3 Bxb3 17. Qxb3 Qh5 18. Rf2 O-O-O 19. Rxf7 Qxh2+ 20. Kf1 Bd6
21. Nd5 Rhf8 22. Nxb6+ axb6 23. Qe6+ Kb8 24. Qd5 Rxf7+ 25. Ke2 Kc8 26. Qxb7+
Kd7 27. Qc6+ Ke7 28. Bb2 Qxg3 0-1

[Event "13. Lichtenberger Sommer"]
[Site "?"]
[Date "2014.08.21"]
[Round "6.65"]
[White "Rollwitz, Jürgen"]
[Black "Scholta, Danilo"]
[Result "1/2-1/2"]
[WhiteElo "1987"]
[BlackElo "1761"]
[PlyCount "136"]
[EventDate "2014.??.??"]
[WhiteTeam "SC Rochade e.V."]
[BlackTeam "SV Empor Berlin e.V."]

1. e4 d5 2. exd5 Nf6 3. d4 Qxd5 4. Nc3 Qa5 5. Bc4 c6 6. Nge2 Bf5 7. O-O e6 8.
a3 Bd6 9. Bf4 Bxf4 10. Nxf4 Qc7 11. Qd2 Nbd7 12. Nfe2 Nd5 13. Bd3 Bxd3 14. Qxd3
Nxc3 15. Qxc3 Nf6 16. Qg3 Qxg3 17. Nxg3 Rd8 18. Rfd1 O-O 19. Kf1 Rd7 20. Ke1
Rfd8 21. c3 Re7 22. Ne2 Rde8 23. Kf1 e5 24. dxe5 Rxe5 25. Ng3 h5 26. Re1 h4 27.
Rxe5 Rxe5 28. Ne2 Rd5 29. Ke1 Rg5 30. g3 hxg3 31. hxg3 Rh5 32. Kd2 Ng4 33. f3
Rd5+ 34. Ke1 Ne5 35. Nf4 Rd6 36. Ke2 g5 37. Nh3 f6 38. f4 Nf7 39. Rd1 Rxd1 40.
Kxd1 g4 41. Ng1 Nd6 42. Kc2 Kf7 43. Kd3 Ke6 44. Ne2 Kd5 45. b3 b5 46. c4+ bxc4+
47. bxc4+ Nxc4 48. Nc3+ Kc5 49. Ne4+ Kb5 50. Nxf6 Nxa3 51. Nxg4 Kc5 52. Ne3 Nb5
53. Nc4 Kd5 54. g4 Nc7 55. f5 Ne8 56. g5 a5 57. Ke3 a4 58. Kf4 Ng7 59. Na3 Kd6
60. f6 Ne6+ 61. Kf5 Nd4+ 62. Ke4 c5 63. f7 Ke7 64. g6 Kf8 65. Ke5 Ke7 66. Nc4
Nc6+ 67. Kd5 Nd8 68. Kxc5 Nxf7 1/2-1/2

[Event "13. Lichtenberger Sommer"]
[Site "?"]
[Date "2014.08.21"]
[Round "6.66"]
[White "Ziems, Michael"]
[Black "Bergmann, Jens"]
[Result "1/2-1/2"]
[WhiteElo "1809"]
[BlackElo "1896"]
[PlyCount "40"]
[EventDate "2014.??.??"]
[WhiteTeam "SV Empor Berlin e.V."]
[BlackTeam "SK Tempelhof 1931 e.V."]

1. d4 Nf6 2. c4 e5 3. dxe5 Ng4 4. Nf3 Bc5 5. e3 Nc6 6. Be2 Ngxe5 7. Nc3 O-O 8.
O-O Re8 9. a3 Nxf3+ 10. Bxf3 Ne5 11. Be2 a5 12. b3 Ra6 13. Ne4 Bf8 14. Bb2 Qh4
15. f4 Rh6 16. Bxe5 Rxe5 17. fxe5 Qxh2+ 18. Kf2 Qh4+ 19. Kg1 Qh2+ 20. Kf2 Qh4+
1/2-1/2

[Event "13. Lichtenberger Sommer"]
[Site "?"]
[Date "2014.08.21"]
[Round "6.67"]
[White "Heerde, Thomas"]
[Black "Prix, Siegfried"]
[Result "1-0"]
[WhiteElo "2074"]
[BlackElo "1777"]
[PlyCount "39"]
[EventDate "2014.??.??"]
[WhiteTeam "SC Weisse Dame e.V."]
[BlackTeam "Sfrd. Berlin 1903 e.V."]

1. e4 c6 2. d3 e5 3. Nf3 d5 4. exd5 Qa5+ 5. Nc3 cxd5 6. Nxe5 d4 7. Qe2 Be6 8.
Nc4 Qc5 9. Ne4 Qc7 10. g3 Be7 11. Bf4 Qd8 12. Ned6+ Bxd6 13. Nxd6+ Kf8 14. Bg2
Nc6 15. O-O Qd7 16. Rfe1 Nge7 17. Ne4 Nd5 18. Nc5 Qe7 19. Nxe6+ Qxe6 20. Qf3
1-0

[Event "13. Lichtenberger Sommer"]
[Site "?"]
[Date "2014.08.21"]
[Round "6.69"]
[White "Petersen, Moritz"]
[Black "Schulz, Wolfgang"]
[Result "0-1"]
[WhiteElo "1711"]
[BlackElo "2074"]
[PlyCount "36"]
[EventDate "2014.??.??"]
[WhiteTeam "SV Glück auf Rüdersdorf e.V."]
[BlackTeam "Hamburger SK von 1830 eV"]

1. d4 g6 2. c4 Bg7 3. e4 d6 4. Be3 Nf6 5. f3 O-O 6. Bd3 c5 7. Ne2 Nc6 8. d5 Ne5
9. Nbc3 e6 10. O-O exd5 11. exd5 a6 12. Ng3 Re8 13. Qd2 Nxd3 14. Qxd3 Nd7 15.
Qd2 Rxe3 16. Nce4 Qe7 17. Rad1 Bd4 18. Kh1 f5 0-1

[Event "13. Lichtenberger Sommer"]
[Site "?"]
[Date "2014.08.21"]
[Round "6.70"]
[White "Bailliere, Arne"]
[Black "Hörmann, David"]
[Result "0-1"]
[WhiteElo "1673"]
[BlackElo "1983"]
[PlyCount "140"]
[EventDate "2014.??.??"]
[WhiteTeam "Sfrd. Berlin 1903 e.V."]
[BlackTeam "SC Weisse Dame e.V."]

1. d4 Nf6 2. e3 e6 3. Bd3 Be7 4. Nf3 d5 5. Nbd2 b6 6. b3 Bb7 7. Bb2 Nbd7 8. O-O
O-O 9. Re1 Ne4 10. a3 f5 11. c4 c6 12. Rc1 Rc8 13. Qe2 Bd6 14. b4 Qe7 15. c5
Bb8 16. Nf1 e5 17. cxb6 axb6 18. dxe5 Nxe5 19. Nxe5 Bxe5 20. f3 Nd6 21. Bd4
Bxd4 22. exd4 Qxe2 23. Rxe2 Rfe8 24. Rce1 Rxe2 25. Rxe2 Kf7 26. Ne3 g6 27. Nc2
Ra8 28. Kf2 Ba6 29. Ne1 Bc4 30. Bxc4 Nxc4 31. Ra2 Rxa3 32. Rxa3 Nxa3 33. Nd3
Ke6 34. Ne1 Kd6 35. Ke3 Nc4+ 36. Kd3 c5 37. dxc5+ bxc5 38. bxc5+ Kxc5 39. f4
Nd6 40. Nf3 Ne4 41. Ne5 Nf2+ 42. Ke2 Ng4 43. Nd3+ Kd4 44. h3 Ne3 45. g3 Nc4 46.
Nb4 Ke4 47. Nd3 Kd4 48. Nb4 Nb2 49. Nc6+ Ke4 50. Ne5 d4 51. Kd2 d3 52. h4 Kd4
53. Nf3+ Ke4 54. Ne5 Na4 55. Nd7 Kf3 56. Nf8 Kxg3 57. Nxh7 Nc5 58. Nf8 Kxf4 59.
Nxg6+ Kg4 60. Ke3 Kh5 61. Ne5 f4+ 62. Kf3 d2 63. Ke2 Ne4 64. Nf3 Kg4 65. h5
Kxh5 66. Nxd2 Nxd2 67. Kxd2 Kg4 68. Ke2 Kg3 69. Kf1 Kf3 70. Kg1 Ke2 0-1

[Event "13. Lichtenberger Sommer"]
[Site "?"]
[Date "2014.08.21"]
[Round "6.71"]
[White "Duijker, Bert"]
[Black "Weiß, Daniel"]
[Result "1/2-1/2"]
[WhiteElo "1926"]
[BlackElo "1741"]
[PlyCount "146"]
[EventDate "2014.??.??"]
[WhiteTeam "Bennekomse S.V."]
[BlackTeam "Sfr.Nord-Ost Berlin"]

1. Nf3 Nf6 2. c4 g6 3. d4 Bg7 4. g3 O-O 5. Bg2 d6 6. O-O Nc6 7. Nc3 e5 8. dxe5
dxe5 9. Bg5 Be6 10. Qa4 Qc8 11. Rfd1 Nd7 12. Nd5 Bxd5 13. cxd5 Nb6 14. Qb5 a6
15. Qb3 Na5 16. Qb4 Nac4 17. Rac1 a5 18. Qb3 Nd6 19. Be7 Qd7 20. Bxf8 Rxf8 21.
Rc2 Rc8 22. Ng5 h6 23. Bh3 f5 24. Ne6 a4 25. Qb4 Bf6 26. Bg2 e4 27. Nc5 Qf7 28.
Nxa4 Nxd5 29. Qb3 c6 30. Nb6 Nxb6 31. Rxd6 Qxb3 32. axb3 Kf7 33. Rd1 Ke6 34. e3
Nd5 35. Bf1 Ke5 36. h4 g5 37. h5 f4 38. gxf4+ gxf4 39. exf4+ Kxf4 40. Bg2 Re8
41. Re1 Bd4 42. Kf1 Nb4 43. Rd2 c5 44. Rde2 e3 45. fxe3+ Bxe3 46. Rf2+ Kg5 47.
Rf3 Nd5 48. Rg3+ Kf4 49. Rg6 Ke5 50. Bxd5 Kxd5 51. Kg2 Kd4 52. Rd6+ Ke4 53.
Rxh6 Re5 54. Rh7 Rg5+ 55. Kh3 Kd3 56. Rd7+ Bd4 57. Kh4 Rg2 58. Rd1+ Kc2 59. Rf1
b5 60. Rf3 Kxb2 61. h6 Rh2+ 62. Kg5 Bc3 63. Rdd3 Bd2+ 64. Rxd2+ Rxd2 65. h7 Rh2
66. Kg6 c4 67. bxc4 bxc4 68. Kg7 Rxh7+ 69. Kxh7 c3 70. Kg6 c2 71. Rf2 Kb1 72.
Rf1+ c1=Q 73. Rxc1+ Kxc1 1/2-1/2

[Event "13. Lichtenberger Sommer"]
[Site "?"]
[Date "2014.08.21"]
[Round "6.72"]
[White "Schilling, Hans"]
[Black "Kasper, Peter"]
[Result "1-0"]
[WhiteElo "1846"]
[BlackElo "1764"]
[PlyCount "75"]
[EventDate "2014.??.??"]
[WhiteTeam "Sfr.Nord-Ost Berlin"]
[BlackTeam "SG Eckturm"]

1. c4 e6 2. g3 d5 3. Bg2 Nf6 4. Nf3 Nbd7 5. b3 Be7 6. Bb2 c6 7. O-O Qb6 8. Qc2
O-O 9. h3 Ne4 10. e3 Bf6 11. Nc3 Nxc3 12. Bxc3 dxc4 13. bxc4 c5 14. Bxf6 Nxf6
15. Ne5 Nd7 16. Nxd7 Bxd7 17. Rab1 Qd6 18. Bxb7 Rad8 19. Bg2 Rb8 20. Rxb8 Rxb8
21. Rb1 e5 22. Rxb8+ Qxb8 23. Qe4 Qc7 24. Kh2 g6 25. Qb7 Qxb7 26. Bxb7 g5 27.
h4 h6 28. Kg2 Kf8 29. Kf3 f6 30. Ke4 Be6 31. Bd5 Bd7 32. d4 exd4 33. exd4 cxd4
34. Kxd4 Ke7 35. Kc5 Be8 36. Bc6 Bf7 37. Bb5 Kd8 38. Kd6 1-0

[Event "13. Lichtenberger Sommer"]
[Site "?"]
[Date "2014.08.21"]
[Round "6.73"]
[White "Kohlmeyer, Dagobert"]
[Black "Lischeid, Kilian"]
[Result "0-1"]
[WhiteElo "1888"]
[BlackElo "1642"]
[PlyCount "100"]
[EventDate "2014.??.??"]
[WhiteTeam "SC Rochade e.V."]
[BlackTeam "Schachunion Berlin e.V."]

1. e4 c5 2. Nf3 Nc6 3. d4 cxd4 4. Nxd4 g6 5. Nc3 Bg7 6. Be3 d6 7. Qd2 Nf6 8. f3
O-O 9. O-O-O Bd7 10. g4 Ne5 11. Be2 Qc8 12. h4 Nc4 13. Bxc4 Qxc4 14. h5 b5 15.
hxg6 fxg6 16. Nb3 a5 17. Bh6 Rf7 18. Bxg7 Kxg7 19. Nd5 Nxd5 20. exd5 Rc8 21. c3
b4 22. Qd4+ Qxd4 23. Nxd4 bxc3 24. bxc3 Rxc3+ 25. Kb2 Rc8 26. Rd2 Rf4 27. Re2
Kf6 28. Rd2 Rc4 29. Nc2 Rxf3 30. Rxh7 Bxg4 31. Re2 Bf5 32. Rh8 Kg7 33. Ra8 Bxc2
34. Rxc2 Rb4+ 35. Kc1 Rf1+ 36. Kd2 Rf2+ 37. Kd3 Rxc2 38. Kxc2 Rb5 39. Kc3 Rxd5
40. a4 g5 41. Rb8 g4 42. Rb5 Rc5+ 43. Kd3 Kf6 44. Rb8 Ke5 45. Ke3 Rc4 46. Rb5+
Rc5 47. Rb8 d5 48. Rg8 Rc4 49. Rg5+ Kd6 50. Rg6+ e6 0-1

[Event "13. Lichtenberger Sommer"]
[Site "?"]
[Date "2014.08.21"]
[Round "6.74"]
[White "Getzuhn, Detlef"]
[Black "Bollenbach, Horst"]
[Result "1-0"]
[WhiteElo "1896"]
[BlackElo "1752"]
[PlyCount "37"]
[EventDate "2014.??.??"]
[WhiteTeam "SV Senat"]
[BlackTeam "SC Friesen Lichtenberg e.V."]

1. e4 c5 2. Nf3 Nc6 3. d4 cxd4 4. Nxd4 a6 5. c4 g6 6. Nxc6 bxc6 7. Qd4 f6 8.
Be3 Rb8 9. Be2 e5 10. Qd3 Bb4+ 11. Nc3 Qa5 12. O-O Ne7 13. a3 Bxc3 14. Qxc3
Qxc3 15. bxc3 d5 16. cxd5 cxd5 17. f3 Bb7 18. Rab1 Kf7 19. Ba7 1-0

[Event "13. Lichtenberger Sommer"]
[Site "?"]
[Date "2014.08.21"]
[Round "6.76"]
[White "Windolf, Mario"]
[Black "Glase, Johan"]
[Result "0-1"]
[WhiteElo "1772"]
[BlackElo "1689"]
[PlyCount "133"]
[EventDate "2014.??.??"]
[WhiteTeam "1. Schachclub Anhalt"]
[BlackTeam "Schachunion Berlin e.V."]

1. Nf3 d5 2. g3 Nf6 3. Bg2 c6 4. O-O Bf5 5. d3 Nbd7 6. Nbd2 e5 7. c3 Qb6 8. h3
h6 9. a4 a5 10. Qb3 Bc5 11. Qxb6 Bxb6 12. Nh4 Bh7 13. Nb3 Rc8 14. g4 g5 15. Nf3
O-O 16. Be3 c5 17. c4 d4 18. Bd2 Ra8 19. Ne1 Ra7 20. f3 Bc7 21. Nc2 b6 22. Na3
Raa8 23. Nb5 Rac8 24. Rad1 Nb8 25. Nc1 Rfe8 26. Nxc7 Rxc7 27. Be1 Nc6 28. Na2
Nd7 29. h4 Ndb8 30. hxg5 hxg5 31. Bd2 f6 32. Kf2 Kg7 33. Rh1 Bg6 34. Rh2 Rcc8
35. Rdh1 Rh8 36. Nc1 Rxh2 37. Rxh2 Nb4 38. Bxb4 axb4 39. Nb3 Nd7 40. Rh1 Ra8
41. Ra1 Kf7 42. f4 Ra7 43. f5 Bh7 44. a5 bxa5 45. Rxa5 Rxa5 46. Nxa5 Nb8 47.
Bd5+ Kf8 48. Kf3 Ke7 49. Nb7 Na6 50. b3 Kd7 51. Ke4 Ke7 52. Bc6 Bg8 53. Bb5 Nb8
54. Nxc5 Kd6 55. Na6 Nxa6 56. Bxa6 Kc5 57. Bb5 Bf7 58. e3 dxe3 59. Kxe3 Bg8 60.
Be8 Kd6 61. d4 Bxc4 62. bxc4 b3 63. c5+ Ke7 64. Ba4 exd4+ 65. Kxd4 b2 66. Bc2
Kd7 67. Kd5 0-1

[Event "13. Lichtenberger Sommer"]
[Site "?"]
[Date "2014.08.21"]
[Round "6.77"]
[White "Küchler, Felix"]
[Black "Krawatzki, Armin"]
[Result "1-0"]
[WhiteElo "1735"]
[BlackElo "1689"]
[PlyCount "56"]
[EventDate "2014.??.??"]
[WhiteTeam "Schachunion Berlin e.V."]
[BlackTeam "SVG Läufer Reinickendorf e.V."]

1. e4 e6 2. d4 d5 3. e5 c5 4. c3 Nc6 5. Nf3 Bd7 6. Be2 Nge7 7. O-O Nf5 8. Na3
cxd4 9. cxd4 Bxa3 10. bxa3 O-O 11. Bg5 Qa5 12. a4 h6 13. Bd2 Qd8 14. Bc3 f6 15.
exf6 Qxf6 16. Rb1 Rab8 17. Bb5 Rfc8 18. Re1 Nfe7 19. Bb2 a6 20. Ne5 Be8 21. Ng4
Qf7 22. Bd3 Nb4 23. Bf1 Nbc6 24. Bc1 Nf5 25. Bf4 Ra8 26. Ne5 Nxe5 27. Bxe5 Bd7
28. Rxb7 Qe8 1-0

[Event "13. Lichtenberger Sommer"]
[Site "?"]
[Date "2014.08.21"]
[Round "6.78"]
[White "Born, Jonathan"]
[Black "Müller, Johannes"]
[Result "1/2-1/2"]
[WhiteElo "1706"]
[BlackElo "1845"]
[PlyCount "115"]
[EventDate "2014.??.??"]
[WhiteTeam "SV Königsjäger Süd-West e.V."]
[BlackTeam "SC Eintracht Berlin e.V."]

1. e4 c6 2. d4 d5 3. exd5 cxd5 4. c4 Nf6 5. Nc3 g6 6. Bg5 Nbd7 7. Nf3 Bg7 8.
cxd5 Nb6 9. Bb5+ Bd7 10. d6 O-O 11. dxe7 Qxe7+ 12. Be2 h6 13. Bh4 g5 14. Bg3
Nh5 15. Be5 g4 16. Bxg7 gxf3 17. Bxf8 Kxf8 18. Qd2 Bc6 19. Qxh6+ Kg8 20. Qxh5
fxe2 21. h4 Qb4 22. Qg5+ Kh7 23. Kxe2 Re8+ 24. Kd3 Qc4+ 25. Kd2 Qxd4+ 26. Kc1
Re5 27. Qd2 Qg4 28. Qd3+ f5 29. Qg3 Qxg3 30. fxg3 Bxg2 31. Rh2 Bf3 32. Kc2 Nc4
33. Kb3 Na5+ 34. Kb4 b6 35. Rd2 Re3 36. Rf1 Nc6+ 37. Kb5 Re5+ 38. Ka4 Re3 39.
Rd6 Ne5 40. Re6 Bc6+ 41. Rxc6 Nxc6 42. Rxf5 Rxg3 43. Rf7+ Kg6 44. Rc7 Rg4+ 45.
Ka3 Rc4 46. Nb5 Rc5 47. b4 Nxb4 48. Kxb4 a5+ 49. Ka4 Rh5 50. Rc6+ Kf7 51. Rxb6
Rxh4+ 52. Kxa5 Ke7 53. Rd6 Rh8 54. a4 Rb8 55. Kb4 Ra8 56. a5 Rc8 57. a6 Ra8 58.
a7 1/2-1/2

[Event "13. Lichtenberger Sommer"]
[Site "?"]
[Date "2014.08.21"]
[Round "6.79"]
[White "Mildenberger, Hans"]
[Black "Westphal, Julian"]
[Result "0-1"]
[WhiteElo "1632"]
[BlackElo "1734"]
[PlyCount "54"]
[EventDate "2014.??.??"]
[WhiteTeam "BVG-Helmholz"]
[BlackTeam "TSG Oberschöneweide e.V."]

1. d4 d5 2. c4 c6 3. Nc3 e6 4. Nf3 Nf6 5. e3 Nbd7 6. Bd3 Bd6 7. O-O O-O 8. Qc2
dxc4 9. Bxc4 b5 10. Bd3 Bb7 11. e4 e5 12. Bg5 exd4 13. Nxd4 Bxh2+ 14. Kh1 Bc7
15. Nf5 b4 16. Na4 Qe8 17. Bxf6 Nxf6 18. Nc5 Bc8 19. Nd4 Qe5 20. Nf3 Qh5+ 21.
Kg1 Bg4 22. e5 Bxf3 23. gxf3 Bxe5 24. Rfe1 Rfe8 25. Ne4 Bh2+ 26. Kg2 Nd5 27.
Qd2 Nf4+ 0-1

[Event "13. Lichtenberger Sommer"]
[Site "?"]
[Date "2014.08.21"]
[Round "6.80"]
[White "Casny, Guenter"]
[Black "Bandsom, Olaf"]
[Result "1/2-1/2"]
[WhiteElo "1854"]
[BlackElo "1812"]
[PlyCount "150"]
[EventDate "2014.??.??"]
[WhiteTeam "SC Rochade e.V."]
[BlackTeam "SC Friesen Lichtenberg e.V."]

1. e4 e5 2. Nf3 Nc6 3. Bc4 Bc5 4. a3 a6 5. b4 Be7 6. c3 d6 7. Qb3 Nh6 8. d4 O-O
9. Bxh6 gxh6 10. Nbd2 Bg5 11. Rd1 Qf6 12. h4 Bxd2+ 13. Rxd2 Qg6 14. Bd3 Kh8 15.
Kf1 Rg8 16. Rg1 Bg4 17. Nh2 exd4 18. Nxg4 Qxg4 19. cxd4 Nxd4 20. Qc3 Qg7 21.
Qb2 Ne6 22. Qxg7+ Rxg7 23. g3 Rag8 24. Be2 Ra8 25. Bf3 a5 26. b5 Nc5 27. Kg2 f6
28. b6 Rd8 29. bxc7 Rxc7 30. Rgd1 Rcd7 31. Rb2 Kg7 32. Rb6 Na4 33. Rb3 Nc5 34.
Rb5 a4 35. Rb6 Kf7 36. Bg4 Rc7 37. Bf5 Rc6 38. Rb4 Kg7 39. Bg4 Ra8 40. Bf3 Rca6
41. Rbd4 Rd8 42. Rb4 Kf7 43. Be2 Raa8 44. Bf3 Rac8 45. Rb6 Rc6 46. Rb5 Rc7 47.
Rb6 Ke7 48. Rd5 Rc6 49. Rb4 Kf7 50. Bg4 Kg7 51. Bf5 Re8 52. f3 Re7 53. Rbd4
Rec7 54. Rxd6 Rxd6 55. Rxd6 Rc6 56. Rd4 Rb6 57. Rc4 Rb2+ 58. Kh3 b6 59. h5 Rb3
60. f4 Rxa3 61. e5 fxe5 62. fxe5 Re3 63. Rg4+ Kf7 64. e6+ Nxe6 65. Bxe6+ Rxe6
66. Rxa4 Kf6 67. Rb4 Ke5 68. Kg4 Rd6 69. Rb5+ Kd4 70. Rb1 Kc3 71. Rc1+ Kb2 72.
Rc7 Rd4+ 73. Kf3 Rd5 74. Kg4 Rd4+ 75. Kf5 Rd5+ 1/2-1/2